00373nam a2200121Ia 4500008004000000082001800040100002200058245008100080260003500161300000800196440000600204650004100210210210b1994 xxu||||| |||| 00| 0 eng d a375.6137 SHAE aSHARMA (S R), Ed. aEncyclopaedia of sports health & physical education.5V.V5-secondary schools. aN DbMittal Publicationsc1994 a504 a5 aHealth education Physical education